| 000 | 00476nam a2200181Ia 4500 | ||
|---|---|---|---|
| 005 | 20250508155356.0 | ||
| 008 | 008 250505s9999 xx 000 0 eng d | ||
| 037 | _aTextual | ||
| 040 |
_aFEDL _beng _cFEDL |
||
| 041 |
_aeng _2eng |
||
| 084 |
_aF, WHI _qFEDL |
||
| 100 | _aWhitman Walt | ||
| 245 | 0 | _aLeaves of grass | |
| 260 |
_aDelhi, India _bEurasia Publishing House (P) Ltd _c1962 |
||
| 300 | _a438p | ||
| 942 |
_cTEXL _hF, WHI |
||
| 999 |
_c1356343 _d1356343 |
||